Modelo integral de calidad de servicio para la gestión organizacional del Centro Nacional de Ciencia y Tecnología de Alimentos
Enregistré dans:
| Auteur principal: | |
|---|---|
| Format: | Livre |
| Publié: |
[San José, Costa Rica]
2008
|
| Sujets: | |
| Tags: |
Ajouter un tag
Pas de tags, Soyez le premier à ajouter un tag!
|
MARC
| LEADER | 00000nam a2200000Ia 4500 | ||
|---|---|---|---|
| 003 | 001055 | ||
| 005 | 20221231144102.0 | ||
| 008 | 140114s2008 cr a 000 ||s d | ||
| 040 | |c cru CEDI | ||
| 090 | |a TFG 5581 | ||
| 100 | |a Pérez Vindas, Rafael |9 4515 | ||
| 245 | |a Modelo integral de calidad de servicio para la gestión organizacional del Centro Nacional de Ciencia y Tecnología de Alimentos | ||
| 260 | |c 2008 |b [San José, Costa Rica] | ||
| 300 | |a 162, [37] hojas; ilustraciones a color | ||
| 500 | |a Proyecto de graduación (licenciatura en ingeniería industrial)--Universidad de Costa Rica. Facultad de Ingeniería. Escuela de Ingeniería Industrial | ||
| 650 | |x UNIVERSIDAD DE COSTA RICA. FACULTAD DE CIENCIAS AGROALIMENTARIAS. CENTRO NACIONAL DE CIENCIA Y TECNOLOGIA DE ALIMENTOS |x CALIDAD DEL SERVICIO |x GESTION EMPRESARIAL |x SATISFACCION DEL CLIENTE |x EVALUACION |9 4516 | ||
| 942 | |c TFG | ||
| 999 | |c 16680 |d 16680 | ||
